Globalizácia svetovej ekonomiky
Salvato in:
| Autore principale: | |
|---|---|
| Natura: | Libro |
| Lingua: | slovacco |
| Pubblicazione: |
Bratislava
Ing. Miroslav Mračko, EPOS
1999
|
| Soggetti: | |
| Tags: |
Nessun Tag, puoi essere il primo ad aggiungerne!!
|
MARC
| LEADER | 00000nam a2200000 4500 | ||
|---|---|---|---|
| 001 | c111108 | ||
| 005 | 20221102132555.8 | ||
| 020 | |a 80-8057-109-0 | ||
| 041 | 0 | |a slo | |
| 044 | |a SK | ||
| 245 | 1 | 0 | |a Globalizácia svetovej ekonomiky |c Peter Staněk |
| 264 | 1 | |a Bratislava |b Ing. Miroslav Mračko, EPOS |c 1999 | |
| 300 | |a 221 s. | ||
| 610 | 2 | 0 | |a globalizácia |
| 610 | 2 | 0 | |a globalizácia hospodárstva |
| 610 | 2 | 0 | |a hospodárstvo svetové |
| 610 | 2 | 0 | |a vývoj |
| 610 | 2 | 0 | |a transformácia |
| 610 | 2 | 0 | |a financie |
| 610 | 2 | 0 | |a kapitál |
| 100 | 1 | |a Staněk, Peter | |